Estatísticas para Quiz das Ilhas Maurício

Clique aqui para jogar o quiz

Estatísticas Gerais

  • Esse quiz foi jogado 280 vezes
  • A pontuação média é 8 de 14

Estatísticas das Respostas

DicaResposta% Correto
Oceano onde Maurício está localizadoOceano Índico
92%
Maurício era uma colônia deste país antes de 1968Reino Unido
90%
Língua mais falada{Crioulo} de Maurício
75%
Ave incapaz de voar que foi extinta logo após a colonização de MaurícioDodô
71%
Língua onde a acima é baseadaFrancês
71%
Capital do MaurícioPort Louis
70%
Primeiro país a estabelecer povoados no Maurício, em 1638Países Baixos
66%
Região/Departamento Francês perto de MaurícioReunião
64%
Religião mais pratidacaHinduísmo
58%
Moeda oficialRupia
43%
Principal safra de exportação do século XIXAçúcar
39%
Arquipélago próximo, cuja ilha principal é Diego Garcia,
sobre o qual Maurício busca obter o controle
Arquipélago de {Chagos}
35%
Arquipélago do qual a ilha de Maurício faz parteIlhas {Mascarenhas}
28%
Segunda maior ilha, apenas atrás da ilha MaurícioRodrigues
28%

Distribuição das Pontuações

Percentil de Números Respondidos

Porcentagem de Pessoas com Cada Pontuação

Sua Pontuação Histórica

Você não jogou esse quiz